000 00704nam a2200217 i 4500
001 65901
003 ES-MaACL
005 20230906165510.0
007 t|
008 040123s1961 sp ||||1| spa d
080 _a621.89
100 1 _aFuller, Dudley D.
_953002
245 1 0 _aTeoría y práctica de la lubricación /
_cpor Dudley D. Fuller ; traducción de Aurelio Cabra Fernández, Juan Luis Pérez Puga.
250 _a[1ª ed.].
260 _aMadrid :
_bInterciencia,
_c[1961]
300 _aXIV, 544 p. :
_bil. ;
_c22 cm.
650 4 _aLubricación.
_9143592
700 1 _aCabra Fernández, Aurelio.
_933248
700 1 _aPérez Puga, Juan Luis.
_991098
852 _aES-MaACL
_jC-29700
_bR.60054
999 _c65901
_d65901